000 00328nam a2200109Ia 4500
001 1261926
005 20260417140401.0
008 260417s9999 xx 000 0 und d
020 _a9786256698345
245 0 _aKolaya Kaçmayalım - 1950 Sonrası Yazılar-Soruşturmalar-Söyleşiler
_cKemal Tahir
260 _bKetebe Yayınları
999 _c1261926
_d1261926